El conflicto entre la sintaxis y el discurso en Jacalteco /

Resumen: Analiza la sintaxis del discurso en el jacalteco, una lengua maya que se habla en el norte de Guatemala. El análisis se realiza en ocho cuentos folclóricos, narrados por dos nativos del jacalteco.

Shranjeno v:
Bibliografske podrobnosti
Glavni avtor: Dickemann, Margaret
Format: Neznan
Teme:
Oznake: Označite
Brez oznak, prvi označite!

MARC

LEADER 000000000a22000000004500
001 005646
100 1 |a Dickemann, Margaret 
245 1 3 |a El conflicto entre la sintaxis y el discurso en Jacalteco /   |c Margaret Dickemann. 
310 |a Semestral 
520 |a Resumen: Analiza la sintaxis del discurso en el jacalteco, una lengua maya que se habla en el norte de Guatemala. El análisis se realiza en ocho cuentos folclóricos, narrados por dos nativos del jacalteco. 
650 4 |a JACALTECO 
650 4 |a LENGUA MAYA 
650 4 |a GUATEMALA 
773 0 |d Heredia, Costa Rica : Editorial de la Universidad Nacional  |t Letras  |g número 8-9 (1980), páginas 259-287 
942 |c ARC 
999 |c 12401  |d 12401